Vasko Popa: Stratená červená črievička

Bibliographic Details
Main Authors: Zajac, Peter, 1946- (Author), Popa, Vasko (Author)
Format: Article
Language:Slovak
Subjects:

MARC

LEADER 00000nab a2200000 a 4500
001 vtls000326789
003 SK-MaSNL
005 20260302225944.0
008 140423c1988 xo 0 slo
015 |a SNBRB19rr/mm-uuuuu 
035 |a CL0326911 
040 |a SNKBUCL  |b slo  |c SNKBUCL  |e AACR2 
041 0 |a slo 
044 |a xo  |c SK 
080 |a 82.09:886.1-1(081)(048)  |2 1981 
080 |a 886.1-1(081)(048)  |2 1981 
100 1 |a Zajac, Peter,  |d 1946-  |4 aut  |9 103277 
245 1 0 |a Vasko Popa: Stratená červená črievička  |c Peter Zajac 
500 |a V rubrike Knihy. 
650 0 7 |a básne reflexívne  |2 snkbucl  |9 898242 
650 0 7 |a básne lyrické  |2 snkbucl  |9 403933 
655 7 |a články z novín a časopisov  |2 snkbucl  |9 267496 
655 7 |a články z odboru literárna veda a krásna literatúra  |2 snkbucl  |9 770045 
700 1 |a Popa, Vasko  |4 aut  |9 681744 
773 0 |t Revue svetovej literatúry  |g Roč. 24, č. 4 (1988), s. 190 
787 0 8 |i Rec.:  |a Popa, Vasko  |t Stratená červená črievička  |d Bratislava : Slovenský spisovateľ, 1987 
850 |a Slovenská národná knižnica v Martine  |a MTA001 
852 |a SNK  |b KIS3GCP 
958 |a RK 
958 |a LX 
999 |c 1531521  |d 1533451